Cities in Florida quiz - Statistics

General Stats
  • This quiz has been taken 16 times
  • The average score is 9 of 15
Answers on the Grid
Answers color-coded by a green-red scale on the quiz's grid according to % correct below.
Miami
Chula Vista
Carson City
Long Beach
Clarksville
Saratoga Springs
Tampa
Ocala
Santa Ana
Hialeah
Norfolk
Key West
Homestead
Greensboro
Pensacola
Corpus Christi
Tallahassee
Knoxville
Fort Myers
Kissimmee
Doral
Santa Rosa
Clearwater
Joplin
West Palm Beach
Tijuana
Des Moines
Port St. Lucie
Charleston
Boca Raton
 
Answer Stats
Answer % Correct
Miami
100%
Key West
75%
Tampa
75%
Tallahassee
67%
Fort Myers
58%
Hialeah
58%
Port St. Lucie
58%
West Palm Beach
58%
Boca Raton
50%
Ocala
50%
Pensacola
50%
Clearwater
42%
Doral
42%
Homestead
42%
Kissimmee
42%
No matching quizzes found
Score Distribution
Percent of People with Each Score
Percentile by Number Answered
Your Score History
You have not taken this quiz